000 00713nam a2200205Ii 4500
003 JO-AjNU
008 230605s9999||||xx |||||||||||||| ||und||
017 _a2010/17433
040 _aJO-AjNU
_bara
_erda
_cJO-AjNU
041 _aara
050 1 4 _aHF 5415 .5 .T87.2010
100 3 _aعطية،طاهر مرسي,
_eauthor
_934168
245 0 0 _aفن التميز في ادارة علاقات العملاء=Crm cuatamen Relationahip Management
264 3 1 _aالقاهرة:دار النهضة العربية؛2010
300 _a130ص
336 _atext
_btxt
_2rdacontent
337 _aunmediated
_bn
_2rdamedia
338 _avolume
_bnc
_2rdacarrier
650 4 _aادارة التسويق-العملاء
_934169
999 _aA13979
_c17547
_d17547